000 004520000a22001690004500
020 _a0-8249-4190--X
082 0 4 _aB P654h
100 1 _aPingry, Patricia A.
245 1 0 _aLa historia de NoƩ / Patricia A. Pingry, il. : Stacy Ventury Pickett
260 _aNashville : Ideals Publications
300 _a[ 26 p. ]
500 _aTexto pasta dura
505 0 0 _aHistoria Biblica de Noe
650 1 4 _aLiteratura Infantil
001 519
942 _cLGB
999 _c47730
_d47730